000 00575nam a2200193Ia 4500
005 20260114185641.0
008 008 260114s9999 xx 000 0 eng d
020 _a9781474220149
037 _aEBOOK
040 _aCRL
_beng
_cCRL
041 _aeng
_2eng
084 _qCRL
100 _aJames Lyon
_9872681
245 0 _aSerbia and the Balkan Front, 1914 The Outbreak of the Great War
260 _bBloomsbury
_c2015
856 _uhttps://doi.org/10.5040/9781474220149?locatt=label:secondary_bloomsburyCollections
942 _cEBOOK
999 _c1471629
_d1471629